[Event "AUTO-ADV-2078"]
[Site "http://www.queenalice.com/game.php?id=903392"]
[Date "2011.2.21"]
[Round "1"]
[White "DURIN09"]
[Black "see30g"]
[Result "1/2-1/2"]
[WhiteElo "1952"]
[BlackElo "1987"]

1. d4 Nf6 2. Nf3 g6 3. b3 Bg7 4. Bb2 d5 5. e3 O-O 6. Be2 Ne4 7. O-O c5 8. c4 e6
9. Nbd2 cxd4 10. exd4 Nxd2 11. Qxd2 Nc6 12. c5 b6 13. b4 bxc5 14. bxc5 Rb8 15.
Rab1 Bd7 16. Bc3 Qc7 17. Ba6 Rxb1 18. Rxb1 Rb8 19. Rb3 Bc8 20. Be2 Rxb3 21. axb3
a5 22. Qa2 h6 23. Bb5 Nxd4 24. Bxd4 Bxd4 25. Nxd4 Qxc5 26. Qd2 e5 27. Nc6 Qxb5
28. Ne7+ Kf8 29. Nxc8 Qxb3 30. Qxh6+ Ke8 31. Qc1 d4 32. Qc6+ Kf8 33. Qc5+ Kg8
34. Qc1 d3 35. Ne7+ Kg7 36. Nf5+ gxf5 37. Qg5+ Kf8 38. Qd8+ Kg7 39. Qg5+ Kf8
1/2-1/2

[Event "AUTO-ADV-2078"]
[Site "http://www.queenalice.com/game.php?id=903393"]
[Date "2011.2.21"]
[Round "1"]
[White "see30g"]
[Black "DURIN09"]
[Result "0-1"]
[WhiteElo "2016"]
[BlackElo "1933"]

1. d4 d6 2. e4 g6 3. Bc4 Bg7 4. Ne2 e6 5. O-O Ne7 6. Bg5 O-O 7. Ng3 Nd7 8. c3 h6
9. Be3 b6 10. Nd2 Bb7 11. Nf3 a6 12. d5 e5 13. b4 f5 14. exf5 gxf5 15. Nh5 Ng6
16. Nxg7 Kxg7 17. Bb3 Nf6 18. c4 Ng4 19. h3 Nxe3 20. fxe3 Kh7 21. Bc2 Bc8 22.
Nh2 Qg5 23. Qe2 e4 24. Bd1 Bd7 25. Qh5 Qxe3+ 26. Kh1 Qg3 27. Rb1 Nf4 28. Rxf4
Qxf4 29. Qe2 Rg8 0-1

[Event "AUTO-ADV-2078"]
[Site "http://www.queenalice.com/game.php?id=903402"]
[Date "2011.2.21"]
[Round "1"]
[White "see30g"]
[Black "embuchador"]
[Result "1-0"]
[WhiteElo "2035"]
[BlackElo "1911"]

1. e4 c5 2. Nf3 Nc6 3. d4 cxd4 4. Nxd4 e5 5. Nb5 d6 6. N1c3 a6 7. Na3 b5 8. Nd5
Nge7 9. c4 Nd4 10. cxb5 Nxd5 11. exd5 Bd7 12. bxa6 Qa5+ 13. Bd2 Qxd5 14. f3 Be7
15. Bc4 Bh4+ 16. Kf1 Qc5 17. Be3 Rb8 18. Rc1 Qb4 19. Bxd4 exd4 20. Qxd4 Bf6 21.
Qe3+ Be6 22. Bxe6 O-O 23. Bb3 Rfe8 24. Qd3 Re7 25. Nc2 Qc5 26. Qc4 Qb6 27. Re1
Rxe1+ 28. Nxe1 d5 29. Qxd5 Rd8 30. Qxf7+ Kh8 31. g3 Qe3 32. Qe6 Qc1 33. a7 Qc5
34. Qa6 Rd2 35. a8=Q+ Bd8 36. Qe2 Qd6 37. Qe8+ 1-0

[Event "AUTO-ADV-2078"]
[Site "http://www.queenalice.com/game.php?id=903403"]
[Date "2011.2.21"]
[Round "1"]
[White "embuchador"]
[Black "see30g"]
[Result "1/2-1/2"]
[WhiteElo "1911"]
[BlackElo "2009"]

1. c4 Nf6 2. Nc3 g6 3. Nf3 d5 4. cxd5 Nxd5 5. Qa4+ Bd7 6. Qh4 Nxc3 7. dxc3 Bg7
8. Bh6 O-O 9. Ng5 e5 10. Bxg7 Kxg7 11. Qxh7+ Kf6 12. e3 Kxg5 13. Qg7 Nc6 14. Bd3
Qe7 15. h4+ Kg4 16. Rh3 e4 17. f3+ exf3 18. Rxf3 Qxh4+ 19. Ke2 Qh8 20. Rxf7 Qxg7
21. Rxg7 Ne5 22. Bxg6 Nxg6 23. Rxd7 Rac8 24. Rg7 Rg8 25. Rf7 Kg5 26. Raf1 Rgf8
27. R1f5+ Kh6 28. Rxf8 Rxf8 29. Rxf8 Nxf8 30. Kd3 Kg5 31. Ke4 Ng6 32. Kd5 Kf5
33. e4+ Kf6 34. g4 Nf4+ 35. Kd4 Ke6 36. a4 c5+ 37. Kc4 Ke5 38. b3 b6 39. Kb5
Kxe4 40. Ka6 Kd5 41. Kxa7 Kc6 42. c4 Ne6 43. Kb8 Ng5 44. Ka7 Ne6 45. Kb8 Ng5
1/2-1/2

[Event "Challenge"]
[Site "http://www.queenalice.com/game.php?id=908630"]
[Date "2011.3.5"]
[Round "-"]
[White "see30g"]
[Black "eddval"]
[Result "0-1"]
[WhiteElo "1997"]
[BlackElo "2147"]

1. e4 c5 2. Nf3 e6 3. d4 cxd4 4. Nxd4 a6 5. Nc3 Qc7 6. Be3 Bb4 7. Bd2 Nf6 8. Bd3
Nc6 9. Nxc6 dxc6 10. O-O e5 11. a3 Bc5 12. b4 Ba7 13. Bg5 Bd4 14. Qd2 Be6 15.
Rab1 Nd7 16. Ne2 Ba7 17. c4 O-O 18. c5 b6 19. cxb6 Bxb6 20. Rfc1 Qa7 21. Rxc6
Bxf2+ 22. Kf1 Bb6 23. a4 Rac8 24. Rxc8 Rxc8 25. a5 Bd4 26. Rc1 Rxc1+ 27. Qxc1
Qb7 28. Nxd4 exd4 29. Qb2 f6 30. Bd2 Nc5 31. Qxd4 Nxd3 32. Qxd3 Qc7 33. Kg1 Bc4
34. Qd4 h6 35. Qb6 Qe5 36. Qd8+ Kh7 37. h3 Qxe4 38. Qd6 Bd5 39. Qg3 Qe2 40. Qf2
Qe4 41. Kh2 Bc6 42. Kg3 g5 43. Kh2 Kg6 44. Bc3 f5 45. Qf1 h5 46. g3 Qc2+ 0-1

[Event "Challenge"]
[Site "http://www.queenalice.com/game.php?id=908640"]
[Date "2011.3.5"]
[Round "-"]
[White "see30g"]
[Black "eddval"]
[Result "0-1"]
[WhiteElo "2050"]
[BlackElo "2130"]

1. e4 e5 2. Nf3 Nf6 3. Bc4 Nc6 4. d3 d5 5. exd5 Nxd5 6. O-O Nb6 7. Re1 Nxc4 8.
dxc4 Qxd1 9. Rxd1 Bg4 10. Nbd2 O-O-O 11. Re1 f6 12. h3 Bf5 13. Ne4 Nb4 14. Re2
Rd1+ 15. Kh2 Nxc2 16. Rxc2 Bxe4 17. Rd2 Bxf3 18. gxf3 Re1 19. b3 Bb4 20. Rd3 Bc5
21. Kg2 Rd8 22. Rxd8+ Kxd8 23. Bb2 Re2 24. Rd1+ Ke7 0-1

[Event "AUTO-MASTER-1361"]
[Site "http://www.queenalice.com/game.php?id=909283"]
[Date "2011.3.6"]
[Round "1"]
[White "al93oliveira"]
[Black "see30g"]
[Result "1-0"]
[WhiteElo "2101"]
[BlackElo "2008"]

1. d4 Nf6 2. c4 g6 3. Nc3 Bg7 4. e4 d6 5. f3 O-O 6. Be3 e5 7. Nge2 c6 8. d5 cxd5
9. cxd5 Qa5 10. Qd2 Ne8 11. g4 f5 12. gxf5 gxf5 13. Bh6 fxe4 14. fxe4 Qc5 15.
O-O-O Na6 16. Be3 Qc7 17. h4 Bg4 18. Kb1 Nc5 19. Rc1 Nf6 20. Ng3 Rac8 21. Bh3
Bxh3 22. Rxh3 Qd7 23. Qg2 Qg4 24. Bxc5 Rxc5 25. Rg1 Kh8 26. Nf5 Qxg2 27. Rxg2
1-0

[Event "AUTO-MASTER-1361"]
[Site "http://www.queenalice.com/game.php?id=909284"]
[Date "2011.3.6"]
[Round "1"]
[White "see30g"]
[Black "al93oliveira"]
[Result "0-1"]
[WhiteElo "2046"]
[BlackElo "1999"]

1. e4 e5 2. Nf3 Nc6 3. Bb5 a6 4. Bxc6 dxc6 5. O-O Bg4 6. h3 h5 7. d3 Qf6 8. Nbd2
O-O-O 9. Re1 Bc5 10. Nb3 Bb6 11. Bg5 Qg6 12. Bxd8 Bxh3 13. g3 Qxg3+ 0-1

[Event "AUTO-MASTER-1361"]
[Site "http://www.queenalice.com/game.php?id=909297"]
[Date "2011.3.6"]
[Round "1"]
[White "see30g"]
[Black "sevenup"]
[Result "0-1"]
[WhiteElo "2019"]
[BlackElo "2127"]

1. e4 e6 2. d4 d5 3. Nc3 Bb4 4. e5 c5 5. a3 Bxc3+ 6. bxc3 Qc7 7. Nf3 f6 8. c4
cxd4 9. Qxd4 Nc6 10. Qd1 Nxe5 11. cxd5 Nxf3+ 12. Qxf3 Qe5+ 13. Qe3 Qxa1 14. Bb5+
Kf7 0-1

[Event "AUTO-MASTER-1361"]
[Site "http://www.queenalice.com/game.php?id=909298"]
[Date "2011.3.6"]
[Round "1"]
[White "sevenup"]
[Black "see30g"]
[Result "1-0"]
[WhiteElo "2130"]
[BlackElo "2028"]

1. e4 c5 2. Nf3 Nc6 3. d4 cxd4 4. Nxd4 g6 5. Be3 Bg7 6. Nc3 Nf6 7. f3 O-O 8. Qd2
d6 9. O-O-O Qa5 10. Bc4 Bd7 11. h4 Ne5 12. Bb3 Rac8 13. Kb1 Nc4 14. Bxc4 Rxc4
15. Nb3 Qa6 16. h5 Nxh5 17. Nd5 Re8 18. g4 e6 19. gxh5 exd5 20. hxg6 fxg6 21.
Qxd5+ Be6 22. Qxd6 Qxd6 23. Rxd6 b6 24. Nd4 Bf7 25. Rd7 Rec8 26. Rd1 Ra4 27. b3
Ra5 28. f4 Be8 29. Rb7 Rd8 30. e5 Bc6 31. Rxg7+ Kxg7 32. Ne6+ Kg8 33. Rxd8+ 1-0

[Event "AUTO-MASTER-1361"]
[Site "http://www.queenalice.com/game.php?id=909299"]
[Date "2011.3.6"]
[Round "1"]
[White "see30g"]
[Black "alainbouley"]
[Result "0-1"]
[WhiteElo "2047"]
[BlackElo "2107"]

1. e4 e5 2. Nf3 Nf6 3. Nc3 d6 4. d4 Nbd7 5. Bc4 Be7 6. O-O O-O 7. Re1 c6 8. dxe5
Nxe5 9. Nxe5 dxe5 10. Qxd8 Rxd8 11. Bg5 b5 12. Bd3 h6 13. Bh4 Be6 14. a3 a5 15.
h3 Kf8 16. Rad1 b4 17. axb4 axb4 18. Ne2 c5 19. b3 g5 20. Bg3 Nd7 21. Bb5 f6 22.
Ba4 Nb6 23. Rxd8+ Rxd8 24. c3 Nxa4 25. bxa4 b3 26. Rb1 Ra8 27. Nc1 c4 28. Kf1
Rxa4 29. Ke2 h5 30. f3 Bd8 31. Bf2 g4 32. Bc5+ Kf7 33. hxg4 hxg4 34. g3 f5 35.
Ke3 fxe4 36. fxg4 Bxg4 37. Kxe4 Ke6 38. Bb4 Bf5+ 0-1

[Event "AUTO-MASTER-1361"]
[Site "http://www.queenalice.com/game.php?id=909300"]
[Date "2011.3.6"]
[Round "1"]
[White "alainbouley"]
[Black "see30g"]
[Result "0-1"]
[WhiteElo "2151"]
[BlackElo "1986"]

1. e4 c5 2. Nf3 d6 3. d4 cxd4 4. Nxd4 Nf6 5. Nc3 a6 6. Bg5 e6 7. f4 Nbd7 8. Qf3
Qc7 9. O-O-O Be7 10. g4 b5 11. Bxf6 Nxf6 12. g5 Nd7 13. f5 Bxg5+ 14. Kb1 e5 15.
Nd5 Qb7 16. h4 Bf6 17. Nb3 Qc6 18. Rd3 Nc5 19. Na5 Qd7 20. Nb6 Qd8 21. Nxa8 Nxd3
22. Bxd3 Qxa5 23. Qe3 Bd8 24. Qa7 O-O 25. Qb8 Be7 26. Qb6 Qxb6 27. Nxb6 Bb7 28.
h5 Rd8 29. Rf1 d5 30. Nxd5 Bxd5 31. exd5 Rxd5 32. a3 Rd4 33. Be2 Bg5 34. Ka2 f6
35. Kb3 Kf7 36. c4 Rd2 37. Bf3 bxc4+ 38. Kc3 g6 39. hxg6+ hxg6 40. fxg6+ Kxg6
41. Be4+ Kg7 42. Rg1 Re2 43. Bd5 Kg6 44. Bxc4 Re3+ 45. Kb4 f5 46. b3 Re4 47. Kc5
Kf6 48. Rd1 Be3+ 49. Kd5 a5 50. Kc6 f4 51. Kb5 f3 52. Kxa5 f2 53. Bf1 Bc5 54. b4
Re1 55. Rd5 Bxb4+ 56. axb4 Rxf1 57. Rd2 Ra1+ 0-1